000 00318nam a22001337a 4500
003 SGT
020 _a9788126541607
100 _aBALASUBRAMMANIAM,R
245 _aCALLISTERS MATERIALS SCIENCES ENGINEERING
260 _aNEW DELHI
_bWILEY
_c2023
300 _a117
650 _aMECHANICAL ENGINEERING
942 _2ddc
_cBK
999 _c25831
_d25831